000 00346 a2200157 4500
001 186878
020 _a85-86740-05-5
040 _cMagnum
100 _aVeneza, MaurĂ­cio
240 1 0 _aO resfriado do bruxobaldo
_lpor
245 1 0 _aO resfriado do bruxobaldo
300 _a24
362 0 _a1997
697 _aLITERATURA INFANTO
942 _cBK
999 _c186878
_d186878